[Event "Potiguar-ch Classes"]
[Site "Natal"]
[Date "2019.09.08"]
[Round "5"]
[White "Da Silva, Gerson Lennon Cabra"]
[Black "De Araujo, Antonio Jose"]
[Result "0-1"]
[WhiteElo "1436"]
[BlackElo "1498"]
[PlyCount "100"]
[EventDate "2019.09.07"]
[EventType "swiss"]
[EventRounds "5"]
[EventCountry "BRA"]
[SourceTitle "EXT 2021"]
[Source "ChessBase"]
[SourceDate "2020.10.23"]
[SourceVersion "1"]
[SourceVersionDate "2020.10.23"]
[SourceQuality "1"]

1. Nf3 Nf6 2. g3 g6 3. Bg2 Bg7 4. 0-0 0-0 5. d3 d5 6. Nbd2 c5 7. c4 e6 8. a3 Nc6 9. Rb1 Rb8 10. e4 dxe4 11. Nxe4 Nxe4 12. dxe4 Qxd1 13. Rxd1 Rd8 14. Rxd8+ Nxd8 15. b4 cxb4 16. axb4 Nc6 17. Bb2 e5 18. Bc3 Be6 19. b5 Nd4 20. Kh1 Bxc4 21. Nxd4 exd4 22. Rb4 Rc8 23. Bd2 Be2 24. Bh3 Rc4 25. Rb2 d3 26. Ra2 Rc2 27. Rxc2 dxc2 28. Bc1 Bxb5 29. Kg1 Bd4 30. Bf1 Bxf1 31. Kxf1 b5 32. Ke2 b4 33. Kd3 Bxf2 34. Kxc2 h5 35. Bb2 Kf8 36. Kb3 Bc5 37. Kc4 Be7 38. Kb5 Ke8 39. Bd4 b3 40. Bb2 Kd7 41. Ka4 Kc6 42. Kxb3 Kb5 43. h3 a5 44. g4 hxg4 45. hxg4 a4+ 46. Ka2 Kc4 47. Bg7 Kd3 48. e5 Ke4 49. g5 Kf5 50. Bh6 Kxe5 0-1

[Event "Potiguar-ch Interior"]
[Site "Santa Cruz"]
[Date "2019.05.26"]
[Round "5"]
[White "De Araujo, Antonio Jose"]
[Black "Da Silva Pinto, Maria Cecilia"]
[Result "1-0"]
[WhiteElo "1485"]
[BlackElo "1193"]
[PlyCount "117"]
[EventDate "2019.05.24"]
[EventType "swiss"]
[EventRounds "5"]
[EventCountry "BRA"]
[SourceTitle "CBM 195 Extra"]
[Source "ChessBase"]
[SourceDate "2020.05.31"]
[SourceVersion "1"]
[SourceVersionDate "2020.05.31"]
[SourceQuality "1"]

1. Nf3 d5 2. g3 Nf6 3. Bg2 Bf5 4. Nd4 Bg6 5. 0-0 e6 6. c3 c5 7. Qa4+ Qd7 8. Qxd7+ Nbxd7 9. Nb5 Kd8 10. a4 c4 11. Nd4 Bc5 12. Nf3 Re8 13. Nh4 Ke7 14. Nxg6+ hxg6 15. d4 cxd3 16. exd3 Rab8 17. d4 Bd6 18. Na3 Bxa3 19. Rxa3 Kf8 20. Bf4 e5 21. dxe5 Nxe5 22. Raa1 b6 23. Rad1 Rbd8 24. Bg5 Nc4 25. b3 Na5 26. b4 Nc4 27. Bxf6 gxf6 28. Rxd5 Rxd5 29. Bxd5 Nb2 30. a5 bxa5 31. bxa5 Rc8 32. c4 Nxc4 33. Rc1 Nd6 34. Rxc8+ Nxc8 35. a6 Nb6 36. Bb7 f5 37. h3 Ke7 38. Bf3 Nc4 39. Be2 Nd2 40. f3 Nb3 41. Kf2 Nd4 42. Bc4 Nc6 43. f4 Nb4 44. Ke2 f6 45. h4 g5 46. fxg5 fxg5 47. hxg5 Kf8 48. Kf3 Kg7 49. Kf4 Kg6 50. Bf1 Nd5+ 51. Ke5 Ne3 52. Bd3 Kxg5 53. Kd6 Ng4 54. Be2 Ne3 55. Kc6 Nc2 56. Kb7 Nb4 57. Kxa7 Nxa6 58. Kxa6 f4 59. g4 1-0

[Event "Potiguar-ch Interior"]
[Site "Santa Cruz"]
[Date "2019.05.25"]
[Round "2"]
[White "De Araujo, Antonio Jose"]
[Black "Frankental, David"]
[Result "0-1"]
[WhiteElo "1485"]
[BlackElo "1897"]
[PlyCount "63"]
[EventDate "2019.05.24"]
[EventType "swiss"]
[EventRounds "5"]
[EventCountry "BRA"]
[SourceTitle "CBM 195 Extra"]
[Source "ChessBase"]
[SourceDate "2020.05.31"]
[SourceVersion "1"]
[SourceVersionDate "2020.05.31"]
[SourceQuality "1"]

1. Nf3 d5 2. d4 Nf6 3. g3 b6 4. Bg2 Bb7 5. 0-0 e6 6. Bg5 Nbd7 7. c3 Be7 8. Nbd2 0-0 9. e3 h6 10. Bxf6 Nxf6 11. Qb3 Ba6 12. Rfe1 c5 13. dxc5 bxc5 14. Ne5 Bd6 15. Nef3 Rb8 16. Qc2 Qb6 17. b3 e5 18. c4 d4 19. exd4 exd4 20. Ne4 Nxe4 21. Rxe4 Bb7 22. Ree1 Rfe8 23. Nh4 Bxg2 24. Nxg2 Be5 25. Qd3 Bf6 26. Nf4 Qa5 27. Rxe8+ Rxe8 28. a4 Qc3 29. Rd1 Rb8 30. Nd5 Qxb3 31. Nxf6+ gxf6 32. Qf3 0-1

[Event "BRA-ch North-Northeast U1600"]
[Site "Fortaleza"]
[Date "2019.04.27"]
[Round "4.4"]
[White "De Araujo, Antonio Jose"]
[Black "Carneiro, Breno B De Siqueira"]
[Result "0-1"]
[WhiteElo "1485"]
[BlackElo "1564"]
[PlyCount "94"]
[EventDate "2019.04.26"]
[EventType "swiss"]
[EventRounds "6"]
[EventCountry "BRA"]
[SourceTitle "EXT 2022"]
[Source "ChessBase"]
[SourceDate "2021.10.06"]
[SourceVersion "1"]
[SourceVersionDate "2021.10.06"]
[SourceQuality "1"]

1. Nf3 d5 2. d4 Bf5 3. g3 Nd7 4. Bg2 Ngf6 5. 0-0 e6 6. Bg5 Bd6 7. c3 h6 8. Bxf6 Nxf6 9. Nbd2 0-0 10. Re1 c5 11. dxc5 Bxc5 12. Nd4 Bh7 13. e3 a6 14. N2b3 Ba7 15. Rc1 Rc8 16. Nf3 Nd7 17. Qe2 b5 18. Red1 Qb6 19. Qd2 a5 20. Qd4 Qc7 21. Qd2 a4 22. Nbd4 Qb6 23. Bf1 e5 24. Nxb5 Be4 25. Ne1 Nc5 26. Nxa7 Qxa7 27. f3 Bf5 28. Qf2 Be6 29. e4 dxe4 30. fxe4 Qb7 31. Bg2 Bxa2 32. Ra1 Bb3 33. Rd2 Qe7 34. Nd3 Nxd3 35. Rxd3 Rfd8 36. Re3 Rd6 37. Rae1 Rcd8 38. Bf1 Qa7 39. Rf3 Qd7 40. Qg2 Qa7+ 41. Qf2 Qe7 42. Qg2 Rd2 43. Re2 Rd1 44. Ref2 Bc4 45. h4 Qa7 46. Kh2 Be6 47. Re3 Qxe3 0-1

[Event "Potiguar-ch final"]
[Site "Natal"]
[Date "2018.12.07"]
[Round "2"]
[White "De Araujo, Antonio Jose"]
[Black "Rocha, Vitor Firmo de Souz"]
[Result "0-1"]
[WhiteElo "1518"]
[BlackElo "2160"]
[PlyCount "98"]
[EventDate "2018.12.06"]
[EventType "tourn"]
[EventRounds "9"]
[EventCountry "BRA"]
[SourceTitle "EXT 2021"]
[Source "ChessBase"]
[SourceDate "2020.10.23"]
[SourceVersion "1"]
[SourceVersionDate "2020.10.23"]
[SourceQuality "1"]

1. Nf3 Nf6 2. g3 b5 3. Bg2 Bb7 4. 0-0 e6 5. d4 c5 6. Bg5 h6 7. Bxf6 Qxf6 8. c3 d5 9. dxc5 Bxc5 10. e3 Nd7 11. Na3 a6 12. Nc2 0-0 13. Nd2 Nb6 14. Qf3 Qe7 15. Nd4 Rab8 16. N2b3 Na4 17. Qe2 Bb6 18. Rab1 g6 19. e4 e5 20. exd5 Rfe8 21. Nc6 Bxc6 22. dxc6 e4 23. Rbd1 Nc5 24. Nd4 f5 25. f4 Nd3 26. Qc2 Qf6 27. Rxd3 exd3 28. Qxd3 Rbd8 29. Rd1 Rd6 30. Kf1 Red8 31. Qe3 Kf7 32. Qe5 Bxd4 33. cxd4 Qxe5 34. fxe5 Rxd4 35. Rxd4 Rxd4 36. c7 Rd1+ 37. Ke2 Rc1 38. Bb7 Rxc7 39. Bxa6 Rc2+ 40. Kd3 Rxb2 41. Bb7 Rxh2 42. Bd5+ Ke7 43. Ke3 g5 44. Bb3 Rh1 45. Kf2 Rc1 46. e6 Rc3 47. Kg2 Rxb3 48. axb3 Kxe6 49. Kf3 Kd5 0-1

[Event "Potiguar-ch final"]
[Site "Natal"]
[Date "2018.12.06"]
[Round "1"]
[White "Jordao Barbosa, Marcio Ferre"]
[Black "De Araujo, Antonio Jose"]
[Result "1-0"]
[WhiteElo "2112"]
[BlackElo "1518"]
[PlyCount "39"]
[EventDate "2018.12.06"]
[EventType "tourn"]
[EventRounds "9"]
[EventCountry "BRA"]
[SourceTitle "EXT 2021"]
[Source "ChessBase"]
[SourceDate "2020.10.23"]
[SourceVersion "1"]
[SourceVersionDate "2020.10.23"]
[SourceQuality "1"]

1. e4 e6 2. d4 d5 3. Nc3 dxe4 4. Nxe4 Nc6 5. Nf3 Nge7 6. Bg5 Qd5 7. Bd3 Nf5 8. c3 Be7 9. Qe2 h6 10. Bf4 Bd6 11. Bc4 Qa5 12. b4 Qb6 13. Nxd6+ cxd6 14. Rd1 0-0 15. g4 d5 16. gxf5 dxc4 17. f6 g5 18. Nxg5 hxg5 19. Qh5 Rd8 20. Qh6 1-0

[Event "Recife Rafael Cabral Cup 6th"]
[Site "Recife"]
[Date "2018.09.29"]
[Round "3"]
[White "De Araujo, Antonio Jose"]
[Black "Silva Junior, Marcelo Valeriano"]
[Result "0-1"]
[WhiteElo "1547"]
[BlackElo "1900"]
[PlyCount "80"]
[EventDate "2018.09.28"]
[EventType "swiss"]
[EventRounds "6"]
[EventCountry "BRA"]
[SourceTitle "EXT 2020"]
[Source "ChessBase"]
[SourceDate "2019.10.17"]
[SourceVersion "1"]
[SourceVersionDate "2019.10.17"]
[SourceQuality "1"]

1. Nf3 d5 2. g3 Nc6 3. Bg2 e5 4. d3 Nf6 5. 0-0 Bg4 6. c3 Bd6 7. Bg5 h6 8. Bxf6 Qxf6 9. h3 Bh5 10. Nh2 0-0-0 11. Bxd5 Bc5 12. Bg2 Rhe8 13. Nd2 Bb6 14. Ne4 Qe6 15. g4 Bg6 16. Ng3 Ne7 17. Qb3 Qf6 18. Ne4 Bxe4 19. Bxe4 h5 20. Bf3 Qf4 21. e3 Qf6 22. d4 Qh4 23. Bg2 hxg4 24. Nxg4 exd4 25. cxd4 f5 26. Qe6+ Kb8 27. Ne5 g5 28. Nf3 Qh5 29. Nh2 Rd6 30. Qb3 g4 31. Qd1 Rg8 32. f4 c5 33. a4 a5 34. Qe2 cxd4 35. Rad1 d3 36. Rxd3 Rxd3 37. Qxd3 gxh3 38. Qd6+ Ka7 39. Qxe7 Rxg2+ 40. Kh1 Qe2 0-1

[Event "Rio Grande do Norte zt"]
[Site "Natal"]
[Date "2018.09.09"]
[Round "4"]
[White "De Araujo, Antonio Jose"]
[Black "Do Nascimento, Davi Alves"]
[Result "0-1"]
[WhiteElo "1547"]
[BlackElo "1444"]
[PlyCount "108"]
[EventDate "2018.09.07"]
[EventType "swiss"]
[EventRounds "5"]
[EventCountry "BRA"]
[SourceTitle "CBM 187 Extra"]
[Source "ChessBase"]
[SourceDate "2018.11.04"]
[SourceVersion "1"]
[SourceVersionDate "2018.11.04"]
[SourceQuality "1"]

1. Nf3 d5 2. g3 c5 3. Bg2 Nc6 4. 0-0 e5 5. d3 Bg4 6. Nc3 h6 7. h3 Bh5 8. Nh2 Nf6 9. g4 Bg6 10. f4 d4 11. f5 dxc3 12. fxg6 Qd4+ 13. e3 cxb2 14. gxf7+ Kd7 15. Bxc6+ bxc6 16. exd4 bxa1Q 17. dxe5 Qxe5 18. Bf4 Qd4+ 19. Kg2 Qd5+ 20. Nf3 g5 21. c4 Qe6 22. Bg3 Kc8 23. Re1 Qd7 24. Ne5 Qc7 25. Qf3 Kb7 26. Qxf6 Rh7 27. Ng6 Rxf7 28. Qb2+ Qb6 29. Qc2 Kc8 30. Re8+ Kb7 31. Re6 Bg7 32. Be5 Bxe5 33. Nxe5 Rc7 34. Rxh6 Re8 35. Nf3 Rce7 36. Ng1 Qb4 37. Qb3 Qxb3 38. axb3 Re3 39. Rh7+ R8e7 40. Rxe7+ Rxe7 41. Kf3 Kb6 42. Ne2 Ka5 43. Nc3 Kb4 44. Ne4 Re5 45. Nf6 Kxb3 46. Nd7 Re7 47. Nxc5+ Kc3 48. Ne4+ Kxd3 49. Nxg5 a5 50. h4 a4 51. h5 a3 52. h6 a2 53. h7 a1Q 54. Kg3 Qe5+ 0-1

[Event "Natal Potiguar B2"]
[Site "Natal"]
[Date "2018.07.22"]
[Round "4.1"]
[White "De Araujo, Antonio Jose"]
[Black "Ananias, Thales Rodrigo Lima"]
[Result "1-0"]
[WhiteElo "1521"]
[BlackElo "1483"]
[PlyCount "61"]
[EventDate "2018.07.19"]
[EventType "swiss"]
[EventRounds "5"]
[EventCountry "BRA"]
[SourceTitle "EXT 2022"]
[Source "ChessBase"]
[SourceDate "2021.10.06"]
[SourceVersion "1"]
[SourceVersionDate "2021.10.06"]
[SourceQuality "1"]

1. Nf3 Nf6 2. g3 g6 3. Bg2 Bg7 4. 0-0 0-0 5. d4 d5 6. c3 b6 7. Bf4 c5 8. dxc5 bxc5 9. Bg5 Nc6 10. Bxf6 Bxf6 11. Ne1 e6 12. Nc2 Rb8 13. Qc1 Ba6 14. Re1 Qc8 15. Nd2 d4 16. Ne4 Bg7 17. Nxc5 dxc3 18. b3 Rd8 19. Nxa6 Qxa6 20. Bxc6 Qxc6 21. Na3 Rd2 22. Nc4 Rb2 23. Nxb2 c2 24. Nc4 Bxa1 25. Qxa1 Rd8 26. Qc1 Qe4 27. Nb2 Qc6 28. Qe3 f5 29. Rc1 Rd5 30. Nd3 Qc3 31. Qxe6+ 1-0

[Event "Natal Potiguar B1"]
[Site "Natal"]
[Date "2018.04.21"]
[Round "8.3"]
[White "Jardim, Lukas Maximo G Abre"]
[Black "De Araujo, Antonio Jose"]
[Result "1-0"]
[WhiteElo "1394"]
[BlackElo "1560"]
[PlyCount "59"]
[EventDate "2018.04.13"]
[EventType "tourn"]
[EventRounds "9"]
[EventCountry "BRA"]
[SourceTitle "EXT 2022"]
[Source "ChessBase"]
[SourceDate "2021.10.06"]
[SourceVersion "1"]
[SourceVersionDate "2021.10.06"]
[SourceQuality "1"]

1. e4 d6 2. Nf3 Nf6 3. Nc3 g6 4. d4 Bg7 5. e5 dxe5 6. Nxe5 0-0 7. Bc4 e6 8. 0-0 c6 9. Bg5 Qa5 10. Qf3 Nbd7 11. Rfe1 Nd5 12. Bxd5 cxd5 13. Be7 Nxe5 14. dxe5 Re8 15. Bf6 Bf8 16. Ne2 Bd7 17. Nf4 Qd2 18. Rad1 Qxc2 19. Re3 Bc6 20. Qg4 Qf5 21. Qh4 h6 22. h3 g5 23. Rg3 Kh7 24. Rxg5 Qc2 25. Rd3 d4 26. Rdg3 Be4 27. Rg7+ Bxg7 28. Rxg7+ Kh8 29. Qxh6+ Bh7 30. Rg5# 1-0

[Event "Natal Potiguar-ch"]
[Site "Natal"]
[Date "2018.01.28"]
[Round "8"]
[White "De Araujo, Antonio Jose"]
[Black "Macedo, Alexandre Soares"]
[Result "0-1"]
[WhiteElo "1596"]
[BlackElo "1871"]
[PlyCount "74"]
[EventDate "2018.01.19"]
[EventType "tourn"]
[EventRounds "9"]
[EventCountry "BRA"]
[SourceTitle "CBM 182 Extra"]
[Source "ChessBase"]
[SourceDate "2018.02.23"]
[SourceVersion "1"]
[SourceVersionDate "2018.02.23"]
[SourceQuality "1"]

1. Nf3 b5 2. g3 Bb7 3. Bg2 Nf6 4. d3 e6 5. 0-0 Be7 6. Nc3 a6 7. Bg5 Nc6 8. Ne5 Rb8 9. Nxc6 dxc6 10. Rb1 a5 11. a3 c5 12. e4 Qd7 13. Qe2 b4 14. axb4 cxb4 15. Nd1 Ba6 16. Bxf6 Bxf6 17. b3 Bd4 18. Ne3 a4 19. bxa4 Qxa4 20. c4 0-0 21. Nc2 Bc3 22. Ne3 Rfd8 23. Rfd1 b3 24. Bf1 c5 25. Qh5 Bd4 26. Ng4 Qe8 27. Qg5 f6 28. Qd2 Rb4 29. h4 Ra8 30. Nh2 Bb7 31. Nf3 Ra2 32. Qxa2 bxa2 33. Rxb4 Bxf2+ 34. Kxf2 cxb4 35. Nd2 Qa4 36. Ra1 b3 37. Be2 b2 0-1

[Event "Potiguar-ch Interiorano"]
[Site "Parnamirim"]
[Date "2018.01.14"]
[Round "5.5"]
[White "De Araujo, Antonio Jose"]
[Black "De Morais, Alemberg Beserra"]
[Result "0-1"]
[WhiteElo "1596"]
[BlackElo "1716"]
[PlyCount "54"]
[EventDate "2018.01.12"]
[EventType "swiss"]
[EventRounds "5"]
[EventCountry "BRA"]
[SourceTitle "EXT 2022"]
[Source "ChessBase"]
[SourceDate "2021.10.06"]
[SourceVersion "1"]
[SourceVersionDate "2021.10.06"]
[SourceQuality "1"]

1. Nf3 d5 2. g3 c5 3. Bg2 Nf6 4. 0-0 Nc6 5. d3 Bg4 6. c3 Qd7 7. Qa4 Bh3 8. Bxh3 Qxh3 9. Ne5 Rc8 10. f3 e6 11. Nxc6 bxc6 12. Qxa7 Bd6 13. Rf2 0-0 14. Qa4 e5 15. Bg5 Nd7 16. Qh4 Qxh4 17. Bxh4 Rb8 18. e4 c4 19. dxc4 Bc5 20. b3 Bxf2+ 21. Kxf2 dxc4 22. b4 f5 23. Nd2 c5 24. Be7 Rf7 25. Bd6 Rd8 26. b5 Nf6 27. Bxc5 Rxd2+ 0-1

[Event "Potiguar-ch Interiorano"]
[Site "Parnamirim"]
[Date "2018.01.14"]
[Round "4.8"]
[White "De Oliveira, Angela Tavares"]
[Black "De Araujo, Antonio Jose"]
[Result "0-1"]
[WhiteElo "1563"]
[BlackElo "1596"]
[PlyCount "92"]
[EventDate "2018.01.12"]
[EventType "swiss"]
[EventRounds "5"]
[EventCountry "BRA"]
[SourceTitle "EXT 2022"]
[Source "ChessBase"]
[SourceDate "2021.10.06"]
[SourceVersion "1"]
[SourceVersionDate "2021.10.06"]
[SourceQuality "1"]

1. e4 d6 2. d4 Nf6 3. Nc3 g6 4. Nf3 Bg7 5. Bc4 0-0 6. 0-0 Nc6 7. Re1 Na5 8. Bd3 Nc6 9. Ne2 Bg4 10. c3 Bxf3 11. gxf3 e5 12. d5 Nb8 13. f4 Nh5 14. fxe5 Bxe5 15. Ng3 Qh4 16. Qf3 Nd7 17. Qg2 Nf4 18. Bxf4 Bxf4 19. Nf5 Qg5 20. Qxg5 Bxg5 21. Ng3 Ne5 22. Be2 f5 23. exf5 gxf5 24. Kh1 Kh8 25. Rg1 h6 26. Raf1 f4 27. Ne4 Be7 28. f3 Rg8 29. Rxg8+ Rxg8 30. Rg1 Rxg1+ 31. Kxg1 Kg7 32. Kg2 Kg6 33. b4 Kh5 34. a4 b6 35. a5 Ng6 36. Kf1 Nh4 37. Kf2 Nf5 38. Kg1 Ne3 39. c4 Kg6 40. Kh1 Kf5 41. Kg1 Ke5 42. Kf2 Kd4 43. Nd2 Bh4+ 44. Kg1 Nf5 45. Kg2 Ke3 46. Kh3 Kxd2 0-1

[Event "Natal Regiion-ch sf"]
[Site "Natal"]
[Date "2017.11.05"]
[Round "7"]
[White "De Araujo, Antonio Jose"]
[Black "Savian, Fabio Jose"]
[Result "1-0"]
[WhiteElo "1557"]
[BlackElo "2005"]
[PlyCount "37"]
[EventDate "2017.11.02"]
[EventType "swiss"]
[EventRounds "7"]
[EventCountry "BRA"]
[SourceTitle "CBM 181 Extra"]
[Source "ChessBase"]
[SourceDate "2017.12.12"]
[SourceVersion "1"]
[SourceVersionDate "2017.12.12"]
[SourceQuality "1"]

1. Nf3 f5 2. g3 b6 3. Bg2 Bb7 4. d4 Nf6 5. c4 e6 6. 0-0 a5 7. Nc3 Bb4 8. Bg5 Bxc3 9. bxc3 h6 10. Bxf6 Qxf6 11. e3 0-0 12. Qb3 Be4 13. Ne1 Nc6 14. f3 a4 15. Qd1 Qg5 16. Qd2 Na5 17. fxe4 Nxc4 18. Qe2 Nxe3 19. Nf3 1-0

[Event "Natal Regiion-ch sf"]
[Site "Natal"]
[Date "2017.11.04"]
[Round "5"]
[White "Leitao, Nicolau Daulibe"]
[Black "De Araujo, Antonio Jose"]
[Result "1-0"]
[WhiteElo "2135"]
[BlackElo "1557"]
[PlyCount "61"]
[EventDate "2017.11.02"]
[EventType "swiss"]
[EventRounds "7"]
[EventCountry "BRA"]
[SourceTitle "CBM 181 Extra"]
[Source "ChessBase"]
[SourceDate "2017.12.12"]
[SourceVersion "1"]
[SourceVersionDate "2017.12.12"]
[SourceQuality "1"]

1. d4 Nf6 2. c4 g6 3. Nc3 Bg7 4. e4 d6 5. Nf3 0-0 6. h3 Nbd7 7. Be3 b6 8. Bd3 Bb7 9. Qc2 e5 10. d5 a5 11. g4 Nc5 12. Nd2 Bc8 13. g5 Ne8 14. h4 f5 15. gxf6 Bxf6 16. h5 g5 17. h6 Kh8 18. 0-0-0 Rg8 19. Rdg1 Qe7 20. Nf1 Bd7 21. Qd2 c6 22. f3 Nc7 23. dxc6 Bxc6 24. Ng3 Bd7 25. Nh5 Raf8 26. Nxf6 Qxf6 27. Bxg5 Qg6 28. Be7 Qxg1+ 29. Rxg1 Rxg1+ 30. Kc2 Ba4+ 31. Nxa4 1-0

[Event "Luiz Rego Memorial 5th"]
[Site "Teresina"]
[Date "2017.08.05"]
[Round "4"]
[White "De Souza, Francisco Ferreira"]
[Black "De Araujo, Antonio Jose"]
[Result "1-0"]
[WhiteElo "1653"]
[BlackElo "1593"]
[PlyCount "45"]
[EventDate "2017.08.04"]
[EventType "swiss"]
[EventRounds "6"]
[EventCountry "BRA"]
[SourceTitle "CBM 180 Extra"]
[Source "ChessBase"]
[SourceDate "2017.10.06"]
[SourceVersion "1"]
[SourceVersionDate "2017.10.06"]
[SourceQuality "1"]

1. d4 Nf6 2. c4 g6 3. Nc3 Bg7 4. Nf3 0-0 5. Bg5 h6 6. Bh4 d6 7. e3 Bg4 8. Be2 g5 9. Bg3 Nh5 10. Qc2 Nxg3 11. hxg3 Nc6 12. Nxg5 f5 13. Bxg4 Nb4 14. Qb1 hxg5 15. Bxf5 Rf6 16. d5 e5 17. Be6+ Rxe6 18. dxe6 Qf6 19. Qh7+ Kf8 20. a3 Nc6 21. Nd5 Qd8 22. Qf5+ Bf6 23. Rh8+ 1-0

[Event "Luiz Rego Memorial 5th"]
[Site "Teresina"]
[Date "2017.08.04"]
[Round "1"]
[White "De Araujo, Antonio Jose"]
[Black "Librelato, Kathie Goulart"]
[Result "0-1"]
[WhiteElo "1593"]
[BlackElo "2048"]
[PlyCount "102"]
[EventDate "2017.08.04"]
[EventType "swiss"]
[EventRounds "6"]
[EventCountry "BRA"]
[SourceTitle "CBM 180 Extra"]
[Source "ChessBase"]
[SourceDate "2017.10.06"]
[SourceVersion "1"]
[SourceVersionDate "2017.10.06"]
[SourceQuality "1"]

1. Nf3 Nf6 2. g3 g6 3. Bg2 Bg7 4. 0-0 0-0 5. d4 d6 6. c3 Nc6 7. Bg5 e5 8. dxe5 dxe5 9. Qxd8 Rxd8 10. Na3 Be6 11. b3 h6 12. Bxf6 Bxf6 13. e4 Be7 14. Nb5 Rac8 15. c4 Bb4 16. a3 Bf8 17. Nc3 Rd3 18. Rfc1 Rcd8 19. Nd5 Rxb3 20. Nxc7 Bg4 21. Ne1 Rd2 22. Rc2 Rxc2 23. Nxc2 Bc5 24. Nd5 Be2 25. Bf1 Bf3 26. Bg2 Nd4 27. Nxd4 exd4 28. Bxf3 Rxf3 29. Kg2 Rb3 30. a4 Rb2 31. Nf6+ Kg7 32. Nd7 Bb4 33. Rd1 Bc3 34. Ne5 Ra2 35. Nf3 Rxa4 36. Nxd4 Rxc4 37. Ne2 Be5 38. f3 a5 39. Rb1 Rc2 40. Kf1 Rb2 41. Rd1 a4 42. f4 Bc7 43. g4 a3 44. f5 a2 45. Nc3 Be5 46. Nxa2 Rxa2 47. h3 Ra1 48. Ke2 Rxd1 49. Kxd1 Kf6 50. Ke2 Kg5 51. Kd3 Kf4 0-1

[Event "Natal Potiguar op"]
[Site "Natal"]
[Date "2017.06.02"]
[Round "2"]
[White "Arboes, Ana Gertrudes Danta"]
[Black "De Araujo, Antonio Jose"]
[Result "0-1"]
[WhiteElo "1267"]
[BlackElo "1593"]
[PlyCount "36"]
[EventDate "2017.06.02"]
[EventType "swiss"]
[EventRounds "6"]
[EventCountry "BRA"]
[SourceTitle "EXT 2018"]
[Source "ChessBase"]
[SourceDate "2017.10.13"]
[SourceVersion "1"]
[SourceVersionDate "2017.10.13"]
[SourceQuality "1"]

1. e4 g6 2. Nf3 Bg7 3. d4 b6 4. Nc3 Bb7 5. Bc4 e6 6. e5 Ne7 7. 0-0 0-0 8. Re1 Nbc6 9. a3 Na5 10. Ba2 d5 11. b4 Nc4 12. Qd3 a5 13. b5 Rc8 14. Bxc4 dxc4 15. Qxc4 Bxf3 16. gxf3 Nf5 17. Ne4 Qxd4 18. Qxd4 Nxd4 0-1